LEADER 01075cam a22002534a 4500 001 991002448289707536 008 140306s1999 nyu b 001 0 eng 020 $a0231114419 (paper) 035 $ab14175915-39ule_inst 040 $aDip. Fil. Ling. e Lett.$bita 082 00$a895.6/09 100 1 $aKeene, Donald $0479439 245 10$aSeeds in the heart :$bJapanese literature from earliest times to the late sixteenth century /$cwith a new preface by the author, Donald Keene. 260 $aNew York :$bColumbia University Press,$cc1999 300 $axii, 1265 p. ;$c24 cm. 440 2$aA History of Japanese Literature ;$vv. 1 500 $aOriginally published: New York : Henry Holt & Co., 1993. 650 4$aLetteratura giapponese$xManuali 907 $a.b14175915$b25-03-15$c06-03-14 912 $a991002448289707536 945 $aLE008 FL.M. (Giapp.) IV A 1 $cV. I$g1$i2008000090807$lle008$o-$pE0.00$q-$rl$s- $t0$u3$v0$w3$x0$y.i15594890$z06-03-14 996 $aSeeds in the heart$9260218 997 $aUNISALENTO 998 $ale008$b06-03-14$cm$da $e $feng$gnyu$h0$i0 LEADER 01261nam a2200253 i 4500 001 991001726519707536 005 20020507151026.0 008 000330s1985 it ||| | ita 035 $ab11555221-39ule_inst 035 $aLE02723895$9ExL 040 $aDip.to Studi Giuridici$bita 084 $aPR-IV/B 100 1 $aVinci, Calogero$0107166 245 12$aL'azienda in comunione tra coniugi :$bdisciplina civilistica, effetti fiscali, dichiarazione dei redditi :$braccolta di casi pratici sugli artt. 177 e 178 del Codice civile e sulla vigente normativa fiscale /$cCalogero Vinci, Mario Gagliardi 250 $a6. ed. aggiornata con la normativa emanata a tutto il 31 dicembre 1984 e con il decreto-legge 19 dicembre 1984, n. 853, pacchetto fiscale Visentini 260 $aRoma :$bC. Vinci e M. Gagliardi,$c1985 300 $aix, 153 p. ;$c24 cm. 700 1 $aGagliardi, Mario$eauthor$4http://id.loc.gov/vocabulary/relators/aut$0107167 907 $a.b11555221$b21-09-06$c02-07-02 912 $a991001726519707536 945 $aLE027 PR-IV/B 14$g1$iLE027I-252$lle027$o-$pE0.00$q-$rl$s- $t0$u0$v0$w0$x0$y.i11756226$z02-07-02 996 $aAzienda in comunione tra coniugi$91451888 997 $aUNISALENTO 998 $ale027$b01-01-00$cm$da $e-$fita$git $h2$i1